| 000 | 00830nam a22002651 4500 | ||
|---|---|---|---|
| 001 | 6855 | ||
| 003 | BD-RjUL | ||
| 005 | 20211208234327.0 | ||
| 008 | 140112r19641959xx b 000 0 eng d | ||
| 035 | _a(BD-RjUL)6897 | ||
| 040 |
_aDLC _cDLC _dDLC _beng |
||
| 041 | _aeng | ||
| 082 | 0 | 0 |
_a519.1 _bKAS |
| 100 | 1 |
_aKac, Mark. _921528 |
|
| 245 | 1 | 0 |
_aStatistical independence in probability, analysis and number theory / _cKac, Mark. |
| 260 |
_aNew York : _bMathematical Association of America; distributed by Wiley [New York, _c1959 [Impretion 1964] |
||
| 300 |
_a93 p. ; _c20 cm. |
||
| 490 | 0 | _aThe Carus mathematical monographs, no. 12 | |
| 504 | _aIncludes bibliography. | ||
| 650 | 0 |
_aProbabilities. _9243 |
|
| 650 | 0 |
_aMathematical statistics. _921529 |
|
| 942 |
_2ddc _cBK |
||
| 999 |
_c6855 _d6855 |
||